Probability & statistics for engineers & scientists / (رقم التسجيلة. 30504)
[ عرض عادي ]
| 000 -الفاتح | |
|---|---|
| حقل البيانات ثابتة الطول | 01005cam a22003014a 4500 |
| 001 - رقم الضبط | |
| رقم الضبط | 14190421 |
| 003 - محدد رقم الضبط | |
| رقم الضبط | OSt |
| 005 - وقت وتاريخ اخر تعامل مع التسجيلة | |
| رقم الضبط | 20150408114138.0 |
| 008 - عناصر البيانات ثابتة الطول - معلومات عامة | |
| حقل البيانات ثابتة الطول | 051206s2007 njua b 001 0 eng |
| 010 ## - رقم ضبط مكتبة الكونجرس | |
| رقم ضبط مكتبة الكونجرس | 2005058605 |
| 020 ## - الرقم الدولى المعيارى للكتب | |
| الرقم الدولى المعيارى للكتاب | 9780132047678 |
| 020 ## - الرقم الدولى المعيارى للكتب | |
| الرقم الدولى المعيارى للكتاب | 0131877119 (hbk.) |
| 035 ## - رقم ضبط النظام | |
| رقم ضبط النظام | (OCoLC)ocm62534022 |
| 035 ## - رقم ضبط النظام | |
| رقم ضبط النظام | (OCoLC)62534022 |
| رقم الضبط الملغى والمتاح | (OCoLC)79424478 |
| 040 ## - مصدر الفهرسة | |
| وكالة الفهرسة الأصلية | Ma-Un |
| 050 00 - رقم طلب مكتبة الكونجرس | |
| رقم التصنيف | TA340 |
| رقم المادة | .P738 2007 |
| 082 00 - رقم تصنيف ديوى العشرى | |
| رقم التصنيف | 519.02462 |
| رقم الطبعة | 22 |
| 245 00 - بيان العنوان | |
| العنوان | Probability & statistics for engineers & scientists / |
| بيان المسئوليه,etc | Ronald E. Walpole ... [et al.]. |
| 246 30 - العنوان الموازى | |
| عنوان صحيح/عنوان مختصر | Probability and statistics for engineers and scientists |
| 250 ## - بيان الطبعة | |
| بيان الطبعة | 8th ed. |
| 260 ## - PUBLICATION, DISTRIBUTION, ETC. (IMPRINT) | |
| مكان الناشر او الموزع | Upper Saddle River, NJ : |
| اسم الناشر او الموزع | Pearson Prentice Hall, |
| تاريخ النشر أو التوزيع | c2007. |
| 300 ## - الوصف المادى | |
| التعداد | xxiii, 816 p. : |
| تفاصيل ماديه اخرى للوعاء | ill. (some col.) ; |
| أبعاد الوعاء | 25 cm. |
| 504 ## - تبصرة ببليوجرافية | |
| تبصرة ببليوجرافية,الخ | Includes bibliographical references (p. [737]-740) and index. |
| 650 #0 - المدخل الاضافى بالموضوع-مصطلح موضوعى | |
| مصطلح موضوعي أو اسم جغرافي كعنصر مدخل | Engineering |
| التقسيم الفرعي العام | Statistical methods. |
| 9 (RLIN) | 12853 |
| 650 #0 - المدخل الاضافى بالموضوع-مصطلح موضوعى | |
| مصطلح موضوعي أو اسم جغرافي كعنصر مدخل | Probabilities. |
| 700 1# - المدخل الاضافى - اسم شخصى | |
| الإسم الشخصى | Walpole, Ronald E. |
| 9 (RLIN) | 18168 |
| 942 ## - عناصر المدخل الإضافي( كوها) | |
| مصدر التصنيف او مخطط الترفيف | Dewey Decimal Classification |
| Koha [default] item type | كتاب |
| حالة الفقد | نموذج السعر الفعال | حالة تلف | ليس للاعارة | رقم الطلب | رقم النسخة | تاريخ الاكتساب | الموقع الحالي | الباركود | الفرع الرئيسي | Date last seen | نوع المادة فى نظام كوها | مصدر التصنيف او خطة الترفيف | Total Checkouts | Total Renewals | Date last checked out |
|---|---|---|---|---|---|---|---|---|---|---|---|---|---|---|---|
| 2013-08-24 | 519.02462 PRS | 1 | 2013-08-24 | المكتبة المركزية بالمجمعة (CL) | 00450965 | المكتبة المركزية بالمجمعة (CL) | 2013-08-24 | كتاب | Dewey Decimal Classification | ||||||
| 2013-08-24 | Not For Loan | 519.02462 PRS | 2 | 2013-08-24 | المكتبة المركزية بالمجمعة (CL) | 00450964 | المكتبة المركزية بالمجمعة (CL) | 2013-08-24 | كتاب | Dewey Decimal Classification | |||||
| 2013-08-22 | 519.02462 PRS | 2 | 2013-08-22 | مكتبة كلية التربية بالزلفى - طالبات (EZF) | 00450967 | مكتبة مجمع الكليات بالزلفى - طلاب (SZM) | 2018-02-12 | كتاب | Dewey Decimal Classification | 2 | 1 | 2016-09-19 | |||
| 2013-08-22 | 519.02462 PRS | 1 | 2013-08-22 | مكتبة مجمع الكليات بالزلفى - طلاب (SZM) | 00450968 | مكتبة مجمع الكليات بالزلفى - طلاب (SZM) | 2013-08-22 | كتاب | Dewey Decimal Classification | ||||||
| 2013-08-22 | 519.02462 PRS | 3 | 2013-08-22 | مكتبة مجمع الكليات بالزلفى - طلاب (SZM) | 00450966 | مكتبة مجمع الكليات بالزلفى - طلاب (SZM) | 2013-08-22 | كتاب | Dewey Decimal Classification |
